Miasta Niemiec - Nagła Śmierć - Statystyki

Ogólne statystyki
  • Ten quiz został rozwiązany 158 razy
  • Średni wynik to 9 z 14
Answers on the Grid
Answers color-coded by a green-red scale on the quiz's grid according to % correct below.
Solingen
Lipsk
Drezno
Chemnitz
Augsburg
Innsbruck
Wiedeń
Bonn
Zurych
Sankt Gallen
Erlangen
Duisburg
Stuttgart
Kilonia
Rostock
Linz
Salzburg
Berno
Wolos
Monchengladbach
Trondheim
Mulheim
Wels
Neuss
 
Statystyki odpowiedzi
Odpowiedź % Poprawnych
Drezno
84%
Lipsk
81%
Stuttgart
79%
Augsburg
76%
Bonn
73%
Monchengladbach
70%
Rostock
69%
Kilonia
67%
Duisburg
64%
Chemnitz
58%
Mulheim
45%
Neuss
40%
Solingen
38%
Erlangen
37%
Nie znaleziono quizów pasujących do podanych kryteriów
Rozkład punktacji
Procent ludzi z każdym wynikiem
Percentyl według liczby udzielonych odpowiedzi
Twoja historia wyników
Nie rozwiązałeś tego quizu